[Event "POL-chT 1 Liga 2019"]
[Site "Dzwirzyno"]
[Date "2019.09.08"]
[Round "2.25"]
[White "Golubka, Petro"]
[Black "Chylewski, Patryk"]
[Result "1/2-1/2"]
[WhiteElo "2479"]
[BlackElo "2342"]
[Annotator "ChessBase"]
[PlyCount "41"]
[EventDate "2019.09.07"]
[EventType "team-tourn"]
[EventCountry "POL"]
[SourceTitle "playchess.com"]
[Source "ChessBase"]
[SourceQuality "1"]
[TimeControl "40/5400+30:1800+30"]

1. e4 {[%emt 0:06:15]} c6 {[%emt 0:00:00]} 2. d4 {[%emt 0:02:04]} d5 {[%emt 0:00:00]} 3. Nd2 {[%emt 0:00:12]} dxe4 {[%emt 0:00:00]} 4. Nxe4 {[%emt 0:00:03]} Bf5 {[%emt 0:00:00]} 5. Ng3 {[%emt 0:00:03]} Bg6 {[%emt 0:00:02]} 6. h4 {[%emt 0:02:18]} h6 {[%emt 0:00:07]} 7. Nf3 {[%emt 0:00:04]} e6 {[%emt 0:00:09]} 8. h5 {[%emt 0:01:40]} Bh7 {[%emt 0:00:06]} 9. Bd3 {[%emt 0:00:21]} Bxd3 {[%emt 0:00:07]} 10. Qxd3 {[%emt 0:00:03]} Nf6 {[%emt 0:00:09]} 11. Be3 {[%emt 0:10:42]} Qa5+ {[%emt 0:03:58]} 12. Bd2 {[%emt 0:00:14]} Qb6 {[%emt 0:00:08]} 13. O-O-O {[%emt 0:01:58]} Qa6 {[%emt 0:00:07]} 14. Qxa6 {[%emt 0:01:25]} Nxa6 {[%emt 0:00:16]} 15. Ne5 {[%emt 0:00:38]} c5 {[%emt 0:04:31]} 16. Be3 {[%emt 0:10:17]} cxd4 {[%emt 0:05:12]} 17. Bxd4 {[%emt 0:00:16]} Bc5 {[%emt 0:00:30]} 18. Rh4 {[%emt 0:02:40]} O-O {[%emt 0:09:20]} 19. Bxc5 {[%emt 0:06:06]} Nxc5 {[%emt 0:00:09]} 20. Rhd4 {[%emt 0:00:27]} Rac8 {[%emt 0:00:55]} 21. b3 {[%emt 0:10:49]} 1/2-1/2

[Event "POL-chT 1 Liga 2019"]
[Site "Dzwirzyno"]
[Date "2019.09.08"]
[Round "2.25"]
[White "Kolago, Marcin"]
[Black "Antoniewski, Rafal"]
[Result "*"]
[WhiteElo "2340"]
[BlackElo "2497"]
[Annotator "TA"]
[PlyCount "39"]
[EventDate "2019.09.07"]
[EventType "team-tourn"]
[EventCountry "POL"]
[SourceTitle "playchess.com"]
[Source "ChessBase"]
[SourceQuality "1"]

{[%evp 19,20,8,6]} 1. e4 c6 2. d4 d5 3. Nd2 dxe4 4. Nxe4 Bf5 5. Ng3 Bg6 6. h4 h6 7. Nf3 e6 8. h5 Bh7 9. Bd3 Bxd3 10. Qxd3 Nf6 {Predecessor:} 11. Bd2 $146 c5 12. O-O-O Nc6 13. Bc3 Qd5 14. dxc5 Qxd3 15. cxd3 Bxc5 16. Bxf6 gxf6 17. d4 Bb6 18. d5 Ne7 19. dxe6 fxe6 20. Ne4 {½-½ (32) Andreikin,D (2725)-Howell,D (2693) Astana 2019} *

[Event "POL-chT 1 Liga 2019"]
[Site "Dzwirzyno"]
[Date "2019.09.08"]
[Round "2.26"]
[White "Cyborowski, Lukasz"]
[Black "Zezulkin, Jurij"]
[Result "*"]
[WhiteElo "2509"]
[BlackElo "2434"]
[Annotator "RC"]
[PlyCount "26"]
[EventDate "2019.09.07"]
[EventType "team-tourn"]
[EventCountry "POL"]
[SourceTitle "playchess.com"]
[Source "ChessBase"]
[SourceQuality "1"]
[TimeControl "40/5400+30:1800+30"]

1. d4 {[%emt 0:00:00]} Nf6 {[%emt 0:00:00]} 2. c4 {[%emt 0:00:00]} c5 {[%emt 0:00:01]} 3. d5 {[%emt 0:00:00]} b5 {[%emt 0:00:07]} 4. cxb5 {[%emt 0:00:00]} a6 {[%emt 0:00:06]} 5. bxa6 {[%emt 0:00:00]} g6 {[%emt 0:00:07]} 6. Nc3 {[%emt 0:00:00]} Bxa6 {[%emt 0:00:07]} 7. e4 {[%emt 0:00:00]} Bxf1 {[%emt 0:00:05]} 8. Kxf1 {[%emt 0:00:00]} d6 {[%emt 0:00:08]} 9. g3 {[%emt 0:00:06]} Bg7 {[%emt 0:00:07]} 10. Kg2 {[%emt 0:00:05]} O-O {[%emt 0:00:10]} 11. Nf3 {[%emt 0:00:05]} Qb6 {[%emt 0:00:08]} 12. a4 {[%emt 0:00:55]} Na6 {[%emt 0:00:23]} 13. Nd2 {[%emt 0:01:44]} Nc7 {[%emt 0:01:02]} *

[Event "POL-chT 1 Liga 2019"]
[Site "Dzwirzyno"]
[Date "2019.09.08"]
[Round "2.26"]
[White "Kowalski, Igor"]
[Black "Kislinsky, Alexey"]
[Result "0-1"]
[WhiteElo "2364"]
[BlackElo "2436"]
[Annotator "RC"]
[PlyCount "94"]
[EventDate "2019.09.07"]
[EventType "team-tourn"]
[EventCountry "POL"]
[SourceTitle "playchess.com"]
[Source "ChessBase"]
[SourceQuality "1"]
[TimeControl "40/5400+30:1800+30"]

1. d4 {[%emt 0:00:00]} Nf6 {[%emt 0:00:00]} 2. c4 {[%emt 0:00:00]} c5 {[%emt 0:00:01]} 3. d5 {[%emt 0:00:00]} b5 {[%emt 0:00:07]} 4. cxb5 {[%emt 0:00:00]} a6 {[%emt 0:00:06]} 5. bxa6 {[%emt 0:00:00]} g6 {[%emt 0:00:07]} 6. Nc3 {[%emt 0:00:00]} Bxa6 {[%emt 0:00:07]} 7. e4 {[%emt 0:00:00]} Bxf1 {[%emt 0:00:05]} 8. Kxf1 {[%emt 0:00:00]} d6 {[%emt 0:00:08]} 9. g3 {[%emt 0:00:06]} Bg7 {[%emt 0:00:07]} 10. Kg2 {[%emt 0:00:05]} O-O {[%emt 0:00:10]} 11. Nf3 {[%emt 0:00:05]} Qb6 {[%emt 0:00:08]} 12. a4 {[%emt 0:00:55]} Na6 {[%emt 0:00:23]} 13. Nd2 {[%emt 0:01:44]} Nc7 {[%emt 0:01:02]} 14. Re1 {[%emt 0:22:30]} Rfb8 {[%emt 0:02:35]} 15. f4 {[%emt 0:09:40]} Qa6 {[%emt 0:04:59]} 16. Nf3 {[%emt 0:02:09]} Nd7 {[%emt 0:05:19]} 17. Qc2 {[%emt 0:14:11]} Rb4 {[%emt 0:03:36]} 18. h4 {[%emt 0:13:35]} Nf6 {[%emt 0:04:28]} 19. Rb1 {[%emt 0:09:37]} e6 {[%emt 0:04:41]} 20. dxe6 {[%emt 0:02:31]} Nxe6 {[%emt 0:00:09]} 21. b3 {[%emt 0:00:26]} c4 {[%emt 0:08:11]} 22. Ba3 {[%emt 0:01:58]} cxb3 {[%emt 0:01:51]} 23. Rxb3 {[%emt 0:00:56]} Rc4 {[%emt 0:00:27]} 24. Qd3 {[%emt 0:01:42]} Nh5 {[%emt 0:04:18]} 25. Nd5 {[%emt 0:10:01]} Rxa4 {[%emt 0:01:37]} 26. Qxa6 {[%emt 0:00:06]} R4xa6 {[%emt 0:00:05]} 27. Ree3 {[%emt 0:00:30]} Bd4 {[%emt 0:06:06]} 28. Nxd4 {[%emt 0:07:22]} Nxd4 {[%emt 0:00:05]} 29. Nc7 {[%emt 0:00:02]} Nxb3 {[%emt 0:00:54]} 30. Nxa6 {[%emt 0:00:04]} Nd2 {[%emt 0:01:06]} 31. Nc7 {[%emt 0:00:38]} Ra4 {[%emt 0:01:06]} 32. Nb5 {[%emt 0:04:16]} Nxe4 {[%emt 0:01:33]} 33. Nxd6 {[%emt 0:00:26]} Nhxg3 {[%emt 0:02:46]} 34. Rb3 {[%emt 0:00:49]} Nxd6 {[%emt 0:03:03]} 35. Bxd6 {[%emt 0:00:07]} Ne4 {[%emt 0:00:03]} 36. Rb8+ {[%emt 0:00:13]} Kg7 {[%emt 0:00:06]} 37. Bf8+ {[%emt 0:00:12]} Kf6 {[%emt 0:00:08]} 38. Kf3 {[%emt 0:00:19]} Nd2+ {[%emt 0:00:42]} 39. Ke2 {[%emt 0:00:22]} Nc4 {[%emt 0:01:34]} 40. Kd3 {[%emt 0:00:00]} h5 {[%emt 0:00:00]} 41. Rb5 {[%emt 0:02:23]} Na5 {[%emt 0:09:03]} 42. Bh6 {[%emt 0:03:33]} Nc6 {[%emt 0:01:32]} 43. Rb6 {[%emt 0:05:54]} Rd4+ {[%emt 0:02:30]} 44. Ke3 {[%emt 0:00:06]} Rd6 {[%emt 0:00:07]} 45. Rb7 {[%emt 0:00:57]} Nd4 {[%emt 0:01:19]} 46. Ke4 {[%emt 0:00:34]} Nf5 {[%emt 0:00:13]} 47. Bg5+ {[%emt 0:00:22]} Ke6 {[%emt 0:00:13]} 0-1

[Event "POL-chT 1 Liga 2019"]
[Site "Dzwirzyno"]
[Date "2019.09.08"]
[Round "2.27"]
[White "Grabarczyk, Miroslaw"]
[Black "Nowak, Lukasz"]
[Result "1/2-1/2"]
[WhiteElo "2374"]
[BlackElo "2270"]
[Annotator "TA"]
[PlyCount "39"]
[EventDate "2019.09.07"]
[EventType "team-tourn"]
[EventCountry "POL"]
[SourceTitle "playchess.com"]
[Source "ChessBase"]
[SourceQuality "1"]

{[%evp 12,39,12,3,7,6,12,6,15,16,13,8,20,0,8,0,9,0,-5,-4,8,-13,0,-17,-33,-66,0,0,0,-63]} 1. d4 Nf6 2. c4 e6 3. Nf3 d5 4. Nc3 Bb4 5. Qa4+ Nc6 6. e3 O-O 7. Bd2 dxc4 {D38: Queen's Gambit Declined: Ragozin Defence (4 Nf3 Bb4)} 8. Bxc4 Bd6 9. Nb5 Be7 10. O-O a6 {[#] Threatens to win with ...Bd7.} 11. Nc3 Bd6 12. Rad1 e5 13. dxe5 Nxe5 14. Be2 Qe7 {[#]} 15. Qc2 $146 ({Predecessor:} 15. Ng5 Bf5 16. e4 Bd7 17. Qc2 {0-1 (31) Nakamura,H (2784)-Mamedyarov,S (2753) Moscow 2013}) 15... Re8 16. Bc1 g6 17. g3 Bf5 18. Qb3 Be6 19. Qc2 Bf5 20. Qb3 {Accuracy: White = 22%, Black = 68%.} 1/2-1/2

[Event "POL-chT 1 Liga 2019"]
[Site "Dzwirzyno"]
[Date "2019.09.08"]
[Round "2.27"]
[White "Rawicz, Karol"]
[Black "Nurkiewicz, Maciej"]
[Result "*"]
[WhiteElo "2200"]
[BlackElo "2334"]
[Annotator "TA"]
[PlyCount "30"]
[EventDate "2019.09.07"]
[EventType "team-tourn"]
[EventCountry "POL"]
[SourceTitle "playchess.com"]
[Source "ChessBase"]
[SourceQuality "1"]

{[%evp 12,16,30,14,22,15,15]} 1. d4 Nf6 2. c4 e6 3. Nf3 d5 4. Nc3 Bb4 5. Qa4+ Nc6 6. e3 O-O 7. Bd2 dxc4 {D38: Queen's Gambit Declined: Ragozin Defence (4 Nf3 Bb4)} 8. Bxc4 Bd6 {Predecessor:} 9. e4 $146 e5 10. dxe5 Nxe5 11. Nxe5 Bxe5 12. O-O-O Qe8 13. Qxe8 Rxe8 14. f3 Be6 15. Bxe6 Rxe6 {½-½ (67) Navara,D (2727)-Harikrishna,P (2732) Prague 2018} *

[Event "POL-chT 1 Liga 2019"]
[Site "Dzwirzyno"]
[Date "2019.09.08"]
[Round "2.28"]
[White "Bartel, Michal"]
[Black "Jaroch, Karol"]
[Result "*"]
[WhiteElo "2291"]
[BlackElo "2236"]
[Annotator "NA"]
[PlyCount "22"]
[EventDate "2019.09.07"]
[EventType "team-tourn"]
[EventCountry "POL"]
[SourceTitle "playchess.com"]
[Source "ChessBase"]
[SourceQuality "1"]
[TimeControl "40/5400+30:1800+30"]

1. e4 {[%emt 0:00:00]} e5 {[%emt 0:00:07]} 2. Nf3 {[%emt 0:00:00]} Nc6 {[%emt 0:00:15]} 3. Bb5 {[%emt 0:00:00]} a6 {[%emt 0:00:26]} 4. Ba4 {[%emt 0:00:00]} Nf6 {[%emt 0:00:34]} 5. O-O {[%emt 0:00:03]} Be7 {[%emt 0:00:30]} 6. Re1 {[%emt 0:00:22]} b5 {[%emt 0:00:20]} 7. Bb3 {[%emt 0:00:05]} d6 {[%emt 0:00:18]} 8. c3 {[%emt 0:04:45]} O-O {[%emt 0:00:12]} 9. h3 {[%emt 0:01:04]} Re8 {[%emt 0:01:13]} 10. d3 {[%emt 0:04:05]} Na5 {[%emt 0:01:16]} 11. Bc2 {[%emt 0:00:17]} c5 {[%emt 0:00:19]} *

[Event "POL-chT 1 Liga 2019"]
[Site "Dzwirzyno"]
[Date "2019.09.08"]
[Round "2.28"]
[White "Winiarski, Mikolaj"]
[Black "Sabuk, Piotr"]
[Result "1/2-1/2"]
[WhiteElo "2213"]
[BlackElo "2397"]
[Annotator "TA"]
[PlyCount "69"]
[EventDate "2019.09.07"]
[EventType "team-tourn"]
[EventCountry "POL"]
[SourceTitle "playchess.com"]
[Source "ChessBase"]
[SourceQuality "1"]

{[%evp 17,69,24,29,2,4,3,20,3,11,9,26,8,6,0,12,7,12,16,38,0,4,4,2,6,0,0,0,0,0,0,0,0,0,0,0,0,4,0,0,-17,-15,-44,-26,-30,-21,-31,-29,-39,-12,-45,-44,-44,-4,-6]} 1. e4 e5 2. Nf3 Nc6 3. Bb5 a6 4. Ba4 Nf6 5. O-O Be7 6. Re1 b5 7. Bb3 d6 8. c3 O-O 9. h3 Re8 10. d3 {C92: Closed Ruy Lopez: 9...Be6, Karpov and Flohr-Zaitsev Variations} (10. Ng5 Rf8 {½-½ (13) Khismatullin,D (2621)-Jakovenko,D (2735) St Petersburg 2018}) 10... Na5 11. Bc2 c5 12. a3 Qc7 13. Nbd2 Bf8 $146 ({Predecessor:} 13... Bb7 14. b3 d5 15. Bb2 dxe4 16. dxe4 Red8 17. Qc1 Rac8 18. b4 cxb4 19. axb4 Nc6 {0-1 (40) Parapar Noval,A-Aido Espina,S Candas 2002}) 14. Nf1 h6 15. Ne3 Nc6 16. Nh4 Be6 17. Qf3 Qd8 18. Nhf5 g6 19. Ng3 Bg7 20. Nd5 Bxd5 21. exd5 Ne7 22. Bxh6 Bxh6 23. Qxf6 Nxd5 24. Qf3 Nf4 25. Ne2 Nxe2+ 26. Rxe2 d5 27. Rae1 Bg7 28. Qg4 Qb6 29. Kh1 Qc6 30. c4 $1 Rad8 31. cxd5 Qxd5 32. f4 Qd7 33. fxe5 {[#] Threatens to win with e6.} Qxg4 34. hxg4 Rd5 {[%cal Re8e5]} 35. e6 {Accuracy: White = 39%, Black = 60%.} 1/2-1/2

[Event "POL-chT 1 Liga 2019"]
[Site "Dzwirzyno"]
[Date "2019.09.08"]
[Round "2.29"]
[White "Kucza, Karol"]
[Black "Rozycki, Bartlomiej"]
[Result "1/2-1/2"]
[WhiteElo "2280"]
[BlackElo "2200"]
[Annotator "NA"]
[PlyCount "49"]
[EventDate "2019.09.07"]
[EventType "team-tourn"]
[EventCountry "POL"]
[SourceTitle "playchess.com"]
[Source "ChessBase"]
[SourceQuality "1"]
[TimeControl "40/5400+30:1800+30"]

1. e4 {[%emt 0:00:00]} c6 {[%emt 0:00:00]} 2. d4 {[%emt 0:00:00]} d5 {[%emt 0:00:00]} 3. Nc3 {[%emt 0:01:19]} dxe4 {[%emt 0:00:00]} 4. Nxe4 {[%emt 0:00:05]} Bf5 {[%emt 0:00:00]} 5. Qf3 {[%emt 0:00:07]} e6 {[%emt 0:01:53]} 6. c3 {[%emt 0:02:42]} Nf6 {[%emt 0:01:48]} 7. Nxf6+ {[%emt 0:00:12]} Qxf6 {[%emt 0:00:05]} 8. Ne2 {[%emt 0:00:15]} Bd6 {[%emt 0:04:01]} 9. Ng3 {[%emt 0:01:56]} Bg6 {[%emt 0:00:33]} 10. Qxf6 {[%emt 0:00:08]} gxf6 {[%emt 0:00:04]} 11. Bh6 {[%emt 0:04:35]} Nd7 {[%emt 0:02:12]} 12. Be2 {[%emt 0:04:58]} O-O-O {[%emt 0:08:42]} 13. O-O {[%emt 0:06:51]} Bf8 {[%emt 0:07:01]} 14. Bxf8 {[%emt 0:00:42]} Rhxf8 {[%emt 0:00:51]} 15. f4 {[%emt 0:03:11]} f5 {[%emt 0:08:50]} 16. Rad1 {[%emt 0:07:33]} Nf6 {[%emt 0:01:34]} 17. Bf3 {[%emt 0:01:07]} Nd5 {[%emt 0:02:28]} 18. Bxd5 {[%emt 0:00:11]} Rxd5 {[%emt 0:01:21]} 19. Kf2 {[%emt 0:00:19]} Rfd8 {[%emt 0:01:35]} 20. Ke3 {[%emt 0:04:44]} c5 {[%emt 0:01:31]} 21. Rf2 {[%emt 0:02:31]} cxd4+ {[%emt 0:03:46]} 22. Rxd4 {[%emt 0:00:07]} Rxd4 {[%emt 0:05:21]} 23. cxd4 {[%emt 0:00:07]} Kd7 {[%emt 0:01:42]} 24. Rc2 {[%emt 0:01:35]} f6 {[%emt 0:02:38]} 25. Ne2 {[%emt 0:05:49]} 1/2-1/2

[Event "POL-chT 1 Liga 2019"]
[Site "Dzwirzyno"]
[Date "2019.09.08"]
[Round "2.29"]
[White "Samborski, Henryk"]
[Black "Sliwerski, Radoslaw"]
[Result "*"]
[WhiteElo "2098"]
[BlackElo "2078"]
[Annotator "NA"]
[PlyCount "20"]
[EventDate "2019.09.07"]
[EventType "team-tourn"]
[EventCountry "POL"]
[SourceTitle "playchess.com"]
[Source "ChessBase"]
[SourceQuality "1"]
[TimeControl "40/5400+30:1800+30"]

1. e4 {[%emt 0:00:00]} c6 {[%emt 0:00:00]} 2. d4 {[%emt 0:00:00]} d5 {[%emt 0:00:00]} 3. Nc3 {[%emt 0:01:19]} dxe4 {[%emt 0:00:00]} 4. Nxe4 {[%emt 0:00:05]} Bf5 {[%emt 0:00:00]} 5. Qf3 {[%emt 0:00:07]} e6 {[%emt 0:01:53]} 6. c3 {[%emt 0:02:42]} Nf6 {[%emt 0:01:48]} 7. Nxf6+ {[%emt 0:00:12]} Qxf6 {[%emt 0:00:05]} 8. Ne2 {[%emt 0:00:15]} Bd6 {[%emt 0:04:01]} 9. Ng3 {[%emt 0:01:56]} Bg6 {[%emt 0:00:33]} 10. Qxf6 {[%emt 0:00:08]} gxf6 {[%emt 0:00:04]} *

[Event "POL-chT 1 Liga 2019"]
[Site "Dzwirzyno"]
[Date "2019.09.08"]
[Round "2.30"]
[White "Kulon, Klaudia"]
[Black "Worek, Joanna"]
[Result "*"]
[WhiteElo "2339"]
[BlackElo "2308"]
[Annotator "NA"]
[PlyCount "20"]
[EventDate "2019.09.07"]
[EventType "team-tourn"]
[EventCountry "POL"]
[SourceTitle "playchess.com"]
[Source "ChessBase"]
[SourceQuality "1"]
[TimeControl "40/5400+30:1800+30"]

1. d4 {[%emt 0:00:00]} Nf6 {[%emt 0:00:00]} 2. c4 {[%emt 0:00:00]} c5 {[%emt 0:00:00]} 3. d5 {[%emt 0:00:00]} e6 {[%emt 0:00:00]} 4. Nc3 {[%emt 0:00:01]} exd5 {[%emt 0:00:03]} 5. cxd5 {[%emt 0:00:05]} d6 {[%emt 0:00:07]} 6. g3 {[%emt 0:00:21]} g6 {[%emt 0:00:36]} 7. Bg2 {[%emt 0:00:16]} Bg7 {[%emt 0:00:54]} 8. Nf3 {[%emt 0:00:16]} O-O {[%emt 0:00:08]} 9. O-O {[%emt 0:00:22]} Re8 {[%emt 0:01:20]} 10. Re1 {[%emt 0:00:54]} Ne4 {[%emt 0:10:32]} *

[Event "POL-chT 1 Liga 2019"]
[Site "Dzwirzyno"]
[Date "2019.09.08"]
[Round "2.30"]
[White "Moscicka, Pola"]
[Black "Kantane, Anna"]
[Result "0-1"]
[WhiteElo "1994"]
[BlackElo "2273"]
[Annotator "NA"]
[PlyCount "92"]
[EventDate "2019.09.07"]
[EventType "team-tourn"]
[EventCountry "POL"]
[SourceTitle "playchess.com"]
[Source "ChessBase"]
[SourceQuality "1"]
[TimeControl "40/5400+30:1800+30"]

1. d4 {[%emt 0:00:00]} Nf6 {[%emt 0:00:00]} 2. c4 {[%emt 0:00:00]} c5 {[%emt 0:00:00]} 3. d5 {[%emt 0:00:00]} e6 {[%emt 0:00:00]} 4. Nc3 {[%emt 0:00:01]} exd5 {[%emt 0:00:03]} 5. cxd5 {[%emt 0:00:05]} d6 {[%emt 0:00:07]} 6. g3 {[%emt 0:00:21]} g6 {[%emt 0:00:36]} 7. Bg2 {[%emt 0:00:16]} Bg7 {[%emt 0:00:54]} 8. Nf3 {[%emt 0:00:16]} O-O {[%emt 0:00:08]} 9. O-O {[%emt 0:00:22]} Re8 {[%emt 0:01:20]} 10. Re1 {[%emt 0:00:54]} Ne4 {[%emt 0:10:32]} 11. Nxe4 {[%emt 0:01:52]} Rxe4 {[%emt 0:01:49]} 12. Qc2 {[%emt 0:00:25]} Re8 {[%emt 0:00:45]} 13. e4 {[%emt 0:10:14]} Na6 {[%emt 0:09:08]} 14. Bg5 {[%emt 0:06:34]} Qb6 {[%emt 0:04:40]} 15. Qa4 {[%emt 0:14:52]} Bg4 {[%emt 0:04:48]} 16. Rab1 {[%emt 0:01:10]} Nb4 {[%emt 0:07:55]} 17. Nd2 {[%emt 0:06:40]} Qc7 {[%emt 0:07:04]} 18. Qb3 {[%emt 0:04:03]} a5 {[%emt 0:05:47]} 19. a4 {[%emt 0:08:18]} b5 {[%emt 0:03:13]} 20. axb5 {[%emt 0:06:39]} a4 {[%emt 0:00:27]} 21. Qc4 {[%emt 0:00:12]} Bd7 {[%emt 0:01:20]} 22. Bf1 {[%emt 0:07:01]} Reb8 {[%emt 0:08:22]} 23. Qc1 {[%emt 0:01:23]} Bxb5 {[%emt 0:00:32]} 24. Bxb5 {[%emt 0:01:14]} Rxb5 {[%emt 0:00:03]} 25. Qc4 {[%emt 0:00:41]} Rb7 {[%emt 0:10:29]} 26. Nf3 {[%emt 0:02:40]} Qd7 {[%emt 0:05:59]} 27. Bd2 {[%emt 0:01:35]} Qb5 {[%emt 0:04:18]} 28. Qxb5 {[%emt 0:14:18]} Rxb5 {[%emt 0:00:02]} 29. Bxb4 {[%emt 0:03:24]} Rxb4 {[%emt 0:00:35]} 30. e5 {[%emt 0:00:51]} dxe5 {[%emt 0:00:32]} 31. Nxe5 {[%emt 0:00:09]} Bxe5 {[%emt 0:09:13]} 32. Rxe5 {[%emt 0:00:11]} a3 {[%emt 0:00:05]} 33. Re2 {[%emt 0:00:15]} c4 {[%emt 0:02:52]} 34. Ra1 {[%emt 0:03:12]} a2 {[%emt 0:00:34]} 35. d6 {[%emt 0:00:52]} Kf8 {[%emt 0:01:50]} 36. Kg2 {[%emt 0:01:10]} Rb7 {[%emt 0:01:22]} 37. Kf3 {[%emt 0:01:46]} Rd7 {[%emt 0:00:28]} 38. Rd2 {[%emt 0:00:15]} Ke8 {[%emt 0:00:24]} 39. Ke4 {[%emt 0:00:38]} Ra6 {[%emt 0:00:34]} 40. Ke5 {[%emt 0:00:00]} Ra5+ {[%emt 0:00:00]} 41. Rd5 {[%emt 0:02:06]} Ra4 {[%emt 0:09:45]} 42. Rc5 {[%emt 0:04:09]} Rb7 {[%emt 0:02:03]} 43. Kf6 {[%emt 0:10:47]} Rxb2 {[%emt 0:06:33]} 44. d7+ {[%emt 0:13:04]} Kd8 {[%emt 0:00:43]} 45. Kxf7 {[%emt 0:02:44]} Rb1 {[%emt 0:02:57]} 46. Ke6 {[%emt 0:00:10]} Ra6+ {[%emt 0:00:18]} 0-1